Bảo dưỡng và thử nghiệm thiết bị trong hệ thống điện
में बचाया:
| मुख्य लेखक: | |
|---|---|
| स्वरूप: | पुस्तक |
| भाषा: | Undetermined |
| प्रकाशित: |
Hà Nội
KHKT
2000
|
| विषय: | |
| टैग : |
टैग जोड़ें
कोई टैग नहीं, इस रिकॉर्ड को टैग करने वाले पहले व्यक्ति बनें!
|
| Thư viện lưu trữ: | Trung tâm Học liệu Trường Đại học Cần Thơ |
|---|
| LEADER | 00646nam a2200193Ia 4500 | ||
|---|---|---|---|
| 001 | CTU_39662 | ||
| 008 | 210402s9999 xx 000 0 und d | ||
| 020 | |b 36.000đ | ||
| 082 | |a 621.31 | ||
| 082 | |b B108 | ||
| 100 | |a Lê Văn Doanh | ||
| 245 | 0 | |a Bảo dưỡng và thử nghiệm thiết bị trong hệ thống điện | |
| 245 | 0 | |c Lê Văn Doanh | |
| 260 | |a Hà Nội | ||
| 260 | |b KHKT | ||
| 260 | |c 2000 | ||
| 650 | |a electric apparatus and appliances - maintenance and repair,electric engineering - equipment and supplies | ||
| 904 | |i Minh, 001128 | ||
| 980 | |a Trung tâm Học liệu Trường Đại học Cần Thơ | ||